1001 comics you must read before you die /

Další autoři: Gravett, Paul
Jazyk: Angličtina
Vydáno: New York : Universe, c2011
Témata:
Fyzický popis: 960 s. : il. (převážně barev.), faksim. ; 22 cm
Knihy
Uloženo v:
LEADER 01208nam a2200349 a 4500
001 001415404
003 CZ BrMZK
005 20200318172921.0
007 ta
008 140827s2011 xxuah g e 001 0 eng
020 |a 978-0-7893-2731-4  |q (váz.) 
040 |a BOA001  |b cze 
045 |a w3y1 
072 7 |a 741.52  |x Komiksy. Komiksové adaptace  |2 Konspekt  |9 21 
080 |a 741.52  |2 MRF 
080 |a (048.8)  |2 MRF 
080 |a (031)  |2 MRF 
245 0 0 |a 1001 comics you must read before you die /  |c general editor Paul Gravett 
246 3 |a One thousand and one comics you must read before you die 
260 |a New York :  |b Universe,  |c c2011 
300 |a 960 s. :  |b il. (převážně barev.), faksim. ;  |c 22 cm 
500 |a Obsahuje rejstříky 
648 7 |a 19.-21. století  |7 ch757016  |2 czenas 
648 4 |a 1837-2011 
650 0 7 |a komiks  |7 ph114952  |y 19.-21. století  |2 czenas 
655 7 |a přehledy  |7 fd133202  |2 czenas 
655 7 |a encyklopedie  |7 fd132201  |2 czenas 
700 1 |a Gravett, Paul  |7 xx0074870  |4 edt 
910 |a BOA001  |b 2-1326.526 
990 |a BK 
991 |b 201409  |c NOV  |e n  |x 99 
996 7 |b 2610601990  |c 2-1326.526  |l Anglická knihovna/2.patro  |r ZHR  |n 8  |p kup  |h FG  |w 001450601  |u 000010  |a 0  |e BOA001  |j MZK50  |s A